000
00296pam a2200145 a 4500
020
_c
041
_h
100
_a
Byron S. Gottfried
245
_a
Theory and Problems of Programming with Basic
250
_a
IIIrd
260
_c
1991
300
_a
386
653
_a
Computer
930
_a
910
999
_c
246763
_d
246763